| 000 | 01031nam a2200313Ia 4500 | ||
|---|---|---|---|
| 005 | 20211112080648.0 | ||
| 008 | 130821s1990 xxua gr eng | ||
| 020 | _a019 854268 2 | ||
| 040 |
_aCo-BoUCM _bspa _cSaul Niño (Modificó) _d[Nuevo] |
||
| 041 | 0 | 0 | _aeng |
| 060 | _aQH 430 | ||
| 100 | 1 |
_aLewin, Benjamin. _957545 |
|
| 245 | 1 | 0 |
_aGenes IV _cBenjamin Lewin |
| 246 | _aGenes 4 | ||
| 246 | _aGenes four | ||
| 260 |
_aNueva York (Estados Unidos) _bOxford University _c1990 |
||
| 300 |
_axxii, 857 páginas _bilustraciones, tablas, cuadros |
||
| 650 |
_aADN _xGenética _9100584 |
||
| 650 |
_aARN _xGenética _99362 |
||
| 650 |
_aFisiología celular _915929 |
||
| 650 |
_aGenes _916307 |
||
| 650 |
_aGenes _xFisiología _9100583 |
||
| 650 |
_aGenética _9207 |
||
| 650 |
_aGenética _9207 |
||
| 650 |
_aProcesos genéticos _922408 |
||
| 650 |
_aProteínas _xGenética _922655 |
||
| 856 | 4 | 2 |
_zTabla de contenido _uhttp://www.loc.gov/catdir/toc/ecip046/2003015721.html |
| 942 |
_a15 _e1 _mL672g _cLIBRO _2NLM _hQH 430 _n0 |
||
| 999 |
_c78396 _d78396 |
||